| Tag |
First Indicator |
Second Indicator |
Subfields |
| LEADER |
00000cam a2200000 i 4500 |
| 001 |
in00000047738 |
| 005 |
20190207093417.0 |
| 008 |
781114s1902 xxua 00000 eng d |
| 035 |
|
|
|a (OCoLC)04370180
|
| 035 |
|
|
|9 AAE9824AM
|
| 040 |
|
|
|a IYU
|c IYU
|d TXA
|d UtOrBLW
|
| 049 |
|
|
|a TXAS
|c [1700203]
|
| 090 |
|
|
|a F394.H8
|b S75
|
| 245 |
0 |
0 |
|a Souvenir, the city of Houston, Texas, 1901-'02.
|
| 264 |
|
1 |
|a [Place of publication not identified] :
|b [publisher not identified],
|c [1902?]
|
| 300 |
|
|
|a 36 pages :
|b illustrations ;
|c 23 x 31 cm.
|
| 336 |
|
|
|a text
|b txt
|2 rdacontent
|
| 337 |
|
|
|a unmediated
|b n
|2 rdamedia
|
| 338 |
|
|
|a volume
|b nc
|2 rdacarrier
|
| 500 |
|
|
|a The Cushing Library/Chapman Texas Collection copy is part of the Floyd & Louise Chapman Texas & Borderlands Collection.
|5 TXA
|
| 500 |
|
|
|a Cover title.
|
| 500 |
|
|
|a Caption title: The city of Houston.
|
| 651 |
|
0 |
|a Houston (Tex.)
|x Directories.
|
| 740 |
4 |
|
|a The city of Houston.
|
| 999 |
|
|
|a MARS
|
| 999 |
f |
f |
|s 1495232c-86ef-311b-810f-8b8f964aa622
|i f27c8e0b-f8b6-3c16-a850-d44b147f5d7e
|t 0
|
| 952 |
f |
f |
|p noncirc
|a Texas A&M University
|b College Station
|c Cushing Memorial Library & Archives
|d Cushing: Chapman Texas Collection (Does not check out)
|t 0
|e F394.H8 S75
|h Library of Congress classification
|i unmediated -- volume
|m A14800336830
|
| 998 |
f |
f |
|a F394.H8 S75
|t 0
|l Cushing: Chapman Texas Collection (Does not check out)
|